=LDR 00000nam 2200000 4500 =001 INLIS000000000023057 =005 20130612121741 =008 ***********************************Ind** =035 ##$$0010-061300000023057 =041 ##$$a Ind =082 ##$$a 372.4 =090 ##$$a 372.4, Hid l =100 ##$$a Hidayat, Kidh =245 ##$$a Latihan berhitung cerdas =260 ##$$a 2005 $b Surabaya =300 ##$$a 32 hlm, ilus, 22 cm =650 ##$$a Matematika =650 ##$$a Berhitung =850 ##$$a NBPNMAT